|
|
|
|
| LEADER |
00000nam0a2200000 4500 |
| 001 |
162558 |
| 005 |
20231031160417.0 |
| 035 |
|
|
|a (RuTPU)RU\TPU\book\176306
|
| 090 |
|
|
|a 162558
|
| 100 |
|
|
|a 20090623d1976 km y0rusy50 ca
|
| 101 |
0 |
|
|a rus
|
| 102 |
|
|
|a RU
|
| 105 |
|
|
|a a z 001zy
|
| 200 |
1 |
|
|a Радио- и акустическая голография
|e сборник статей
|f Академия наук СССР (АН СССР), Отделение общей физики и астрономии ; под ред. Г. Е. Корбукова, С. В. Кулаковой
|
| 210 |
|
|
|a Ленинград
|c Наука
|d 1976
|
| 215 |
|
|
|a 144 с.
|c ил.
|
| 320 |
|
|
|a Библиография в конце статей
|
| 610 |
1 |
|
|a голография
|
| 610 |
1 |
|
|a акустическая голография
|
| 610 |
1 |
|
|a радиоголография
|
| 610 |
1 |
|
|a голографические фильтры
|
| 610 |
1 |
|
|a параметрические усилители
|
| 610 |
1 |
|
|a звуковые изображения
|
| 675 |
|
|
|a 778.4
|v 3
|
| 702 |
|
1 |
|a Корбуков
|b Г. Е.
|4 340
|
| 702 |
|
1 |
|a Кулакова
|b С. В.
|4 340
|
| 712 |
0 |
2 |
|a Академия наук СССР (АН СССР)
|b Отделение общей физики и астрономии
|2 stltpush
|3 (RuTPU)RU\TPU\col\722
|
| 801 |
|
1 |
|a RU
|b 63413507
|c 20090623
|g PSBO
|
| 801 |
|
2 |
|a RU
|b 63413507
|c 20180606
|g RCR
|
| 942 |
|
|
|c BK
|